000
00309nam a22001337a 4500
008
170414b xxu||||| |||| 00| 0 eng d
020
_a
0944496393
041
_a
eng
080
_a
612.39
100
_a
10
101
_a
SHM
245
_a
NUTRITIONAL CARE FOR HIGH-RISK NEWBORNS
_c
WARGO, S.G
942
_2
udc
_c
BK
999
_c
10802
_d
10802